Os Cúmulos (Registo nº 75442)

Detalhes MARC
000 -Etiqueta do registo
campo de controlo de comprimento fixo 00655 2200229 4500
001 - Identificador do registo
Campo de controlo 75442
005 - Identificador da versão
Campo de controlo 20260204103337.0
010 ## - ISBN
Número (ISBN) 978-989-8831-86-6
021 ## - Nº depósito legal
Código do país Portugal
Número 403487/16
100 ## - Dados Gerais de Proc.
Dados gerais de processamento 20260204d2016 d||y0pory50 ba
101 ## - Língua da publicação
Língua do documento no original Português
Língua do índice Português
102 ## - País de Publicação
País de publicação Portugal
200 ## - Título
Título próprio Os Cúmulos
Primeira menção de responsabilidade José Jorge Letria
Outras menções de responsabilidade ilust. José Miguel Ribeiro
205 ## - Menção da edição
Menção da edição 2ª ed.
210 ## - Publicação, Distribuição
Lugar da edição, distribuição, etc. Amadora
Nome do editor, distribuidor, etc. Booksmile
Data da publicação, distribuição, etc. 2016
215 ## - Descrição física
Descrição física [33] p.
Outras indicações físicas il.
606 ## - Nome comum
Elemento de entrada Literatura infantil [Publicações infantis]
675 ## - CDU
Notação 821.134.3-7
Língua da edição Português
700 #1 - Responsabilidade principal
Palavra de ordem Letria
Outra parte do nome José Jorge
Datas 1951-
Código de função Autor
702 ## - Responsabilidade secundária
Palavra de ordem Ribeiro
Outra parte do nome José Miguel
Código de função Ilustrador
Koha Internal Code 38948
090 ## - Números de controlo do sistema (Koha)
Número biblioitem do Koha (gerado automaticamente) 75442
942 ## - Elementos de entrada adicionados (Koha)
Tipo de item no Koha Monografias
Suprimido Disponível no OPAC
Exemplares
Removido (estado) Perdido (estado) Data de aquisição Origem do registo (biblioteca) (codificado) Código da organização que empresta ou é detentora (biblioteca) Código de barras Número de inventário Cota Tipo de circulação (não pode ser emprestado) Tipo de item e material
Disponível Disponível 2026-02-04 Biblioteca EB23 D. Paio Peres Correia Biblioteca EB23 D. Paio Peres Correia BEDPPC10598 10598 82-7 LET Normal Monografias